00712nam a2200205 4500999001900000005001700019010001500036020002600051035001400077037001300091082001000104100002300114245006400137260003700201270008100238300002200319500001900341942002400360952012200384 c170496d17049620191216173202.0 aENG-127162 a9788178245404c350.00 aEN-110694 bDBAD/PUB a200.1 aGandhi, Ramchandra aThe availability of religious ideas /cby Ramchandra Gandhi aRanikhet bPermanent Blackc2019 aHimalayana, Mall Road, Ranikhet CanttbRanikhet e263645mperblack@gmail.com a144p .c21cm(pbk) aIncludes index 2ddccENh200.1mGAN 001040708NFICaZLSbZLSd2019-12-16eDBAD/PUBg350.00l0o200.1 GANpEN-110694r2019-12-16 00:00:00t1v350.00yEN